| 000 | 00444nam a2200181 4500 | ||
|---|---|---|---|
| 003 | OSt | ||
| 008 | 241004b |||||||| |||| 00| 0 eng d | ||
| 020 | _a9789393468895 | ||
| 041 | _aeng | ||
| 082 |
_a320.53 _bRAJ/CH |
||
| 100 |
_aRajeev, P. _96279 |
||
| 245 | _aChuvappu padarnna noottandu / | ||
| 250 | _a2nd ed. | ||
| 260 |
_aThiruvananthapuram : _bChintha Publishers, _c2023. |
||
| 300 | _a88p. | ||
| 650 |
_aPolitics _96280 |
||
| 942 | _cBK | ||
| 999 |
_c18109 _d18109 |
||